Statistics for Easy Flag Quiz

Click here to take the quiz!

General Stats

  • This quiz has been taken 24 times
  • The average score is 14 of 16

Answer Stats

Answer% Correct
Germany
100%
Spain
100%
Portugal
95%
Turkey
95%
Australia
90%
Canada
90%
India
90%
Russia
90%
Sweden
90%
Ukraine
90%
Argentina
86%
China
86%
Finland
86%
Poland
86%
Switzerland
86%
Saudi Arabia
81%

Score Distribution

Percentile by Number Answered

Percent of People with Each Score

Your Score History

You have not taken this quiz